Clean Bandit Charting Songs (Billboard Hot Dance) - Statistics

General Stats
  • This quiz has been taken 34 times
    16 since last reset
  • The average score is 6 of 16
Answer Stats
Album Weeks On Peak Artist(s) Song % Correct
What is Love? 52 Weeks #2 Clean Bandit ft. Sean Paul & Anne Marie Rockabye
92%
So Good and What is Love? 28 Weeks #10 Clean Bandit ft. Zara Larsson Symphony
92%
New Eyes 60 Weeks #1 Clean Bandit ft. Jess Glynne Rather Be
83%
What is Love? 26 Weeks #4 Clean Bandit ft. Demi Lovato Solo
83%
What is Love? 20 Weeks #13 Clean Bandit ft. Marina and the Diamonds & Luis Fonsi Baby
42%
Non-Album Single 24 Weeks #10 Clean Bandit & Mabel ft. 24kGoldn Tick Tock
42%
Non-Album Single 2 Weeks #40 Clean Bandit, Anne-Marie & David Guetta Cry Baby
33%
I Wanna Dance with Somebody (The Movie: Whitney New, Classic and Reimagined) 20 Weeks #23 Whitney Houston & Clean Bandit How Will I Know
33%
Non-Album Single 20 Weeks #25 Clean Bandit x Wes Nelson x Topic Drive
25%
What is Love? 26 Weeks #6 Clean Bandit ft. Julia Michaels I Miss You
25%
New Eyes 20 Weeks #18 Clean Bandit & Jess Glynne Real Love
25%
What is Love? 20 Weeks #17 Clean Bandit ft. Louisa Johnson Tears
25%
What is Love? 20 Weeks #19 Clean Bandit ft. Ellie Goulding Mama
17%
Non-Album Single 1 Week #31 Clean Bandit & Marina and the Diamonds Disconnect
8%
Non-Album Single 14 Weeks #20 Clean Bandit ft. A7S Everything But You
8%
Non-Album Single 20 Weeks #9 Clean Bandit ft. iann dior Higher
8%
No matching quizzes found
Score Distribution
Percent of People with Each Score
Percentile by Number Answered
Your Score History
You have not taken this quiz since the last reset